000
00304nam a2200133Ia 4500
008
191201s1961 xx 000 0 und d
082
_a
539.7
100
_a
CHASE,Robert L
245
0
_a
Nuclear Pulse Spectrometry
260
_a
N. Delhi
_b
MGH
_c
1961
300
_a
221
650
_a
Applied
942
_2
ddc
_c
BK
999
_c
559
_d
559